<?xml version="1.0" encoding="UTF-8"?><record xmlns="http://www.loc.gov/MARC21/slim" xmlns:zs="http://docs.oasis-open.org/ns/search-ws/sruResponse">
  <leader>03704nem a22005533i 4500</leader>
  <controlfield tag="001">22132199</controlfield>
  <controlfield tag="005">20250607110302.2</controlfield>
  <controlfield tag="006">m    |o  c |      </controlfield>
  <controlfield tag="007">cr |||||||||||</controlfield>
  <controlfield tag="008">210708s1720    xx |||||| a  |o |   fre  </controlfield>
  <datafield ind1=" " ind2=" " tag="035">
    <subfield code="a">22132199</subfield>
  </datafield>
  <datafield ind1=" " ind2=" " tag="906">
    <subfield code="a">0</subfield>
    <subfield code="b">ibc</subfield>
    <subfield code="c">orignew</subfield>
    <subfield code="d">u</subfield>
    <subfield code="e">ncip</subfield>
    <subfield code="f">20</subfield>
    <subfield code="g">y-gencatlg</subfield>
  </datafield>
  <datafield ind1=" " ind2=" " tag="955">
    <subfield code="a">LCAP batch update 2025-06-02-04:00: LCAPM-816</subfield>
  </datafield>
  <datafield ind1=" " ind2=" " tag="010">
    <subfield code="a">  2021668639</subfield>
  </datafield>
  <datafield ind1=" " ind2=" " tag="035">
    <subfield code="a">(WDL)15491</subfield>
  </datafield>
  <datafield ind1=" " ind2=" " tag="040">
    <subfield code="a">DLC</subfield>
    <subfield code="b">eng</subfield>
    <subfield code="c">DLC</subfield>
  </datafield>
  <datafield ind1=" " ind2=" " tag="041">
    <subfield code="a">fre</subfield>
  </datafield>
  <datafield ind1=" " ind2=" " tag="080">
    <subfield code="a">912</subfield>
  </datafield>
  <datafield ind1="0" ind2="0" tag="245">
    <subfield code="a">Map of Louisiana, View of New Orleans.</subfield>
  </datafield>
  <datafield ind1="3" ind2="1" tag="246">
    <subfield code="a">Carte de la Louisiane, vue de la Nouvelle-Orléans</subfield>
  </datafield>
  <datafield ind1=" " ind2=" " tag="260">
    <subfield code="a">[place of publication not identified] :</subfield>
    <subfield code="b">[publisher not identified],</subfield>
    <subfield code="c">1720.</subfield>
  </datafield>
  <datafield ind1=" " ind2=" " tag="300">
    <subfield code="a">1 online resource.</subfield>
  </datafield>
  <datafield ind1=" " ind2=" " tag="336">
    <subfield code="a">cartographic image</subfield>
    <subfield code="b">cri</subfield>
    <subfield code="2">rdacontent</subfield>
  </datafield>
  <datafield ind1=" " ind2=" " tag="337">
    <subfield code="a">computer</subfield>
    <subfield code="b">c</subfield>
    <subfield code="2">rdamedia</subfield>
  </datafield>
  <datafield ind1=" " ind2=" " tag="338">
    <subfield code="a">online resource</subfield>
    <subfield code="b">cr</subfield>
    <subfield code="2">rdacarrier</subfield>
  </datafield>
  <datafield ind1=" " ind2=" " tag="500">
    <subfield code="a">Title devised, in English, by Library staff.</subfield>
  </datafield>
  <datafield ind1=" " ind2=" " tag="500">
    <subfield code="a">"Scale 1:5,800,000"--Note extracted from World Digital Library.</subfield>
  </datafield>
  <datafield ind1=" " ind2=" " tag="500">
    <subfield code="a">Original resource extent: 1 map : manuscript, color ; 66 x 50 centimeters.</subfield>
  </datafield>
  <datafield ind1=" " ind2=" " tag="520">
    <subfield code="a">The French royal engineer, de Beauvilliers, drew this 1720 map of the entire hydrographic network of the Mississippi River, from the Illinois Country to New Orleans and the Gulf of Mexico, and the regions west of the Mississippi, stretching through present-day Texas and into New Mexico. The map was made in Paris, based on the journal of Jean-Baptiste Bénard de la Harpe (1683--1765), "commander on the Red River." De la Harpe was a French officer, trader, and explorer who explored much of present-day Texas, Arkansas, and Oklahoma. He sailed from his native Saint Malo to New Orleans in April 1718. He was sent by the governor of Louisiana to establish a trading post on and explore the upper reaches of the Red River. He followed the river upstream, becoming the first European explorer to enter the present-day state of Oklahoma. De la Harpe encountered Indians of many tribes, including Wichita, Osage, and Apache. He returned to New Orleans in January 1720 and from there to France, where he circulated a detailed account of his travels. The map shows de La Harpe's route, rivers, Indian villages with the numbers of their inhabitants, Spanish missions, and locations where boeuf sauvages (bison) were plentiful. An inset map at the upper left shows the Mississippi River and its entrance into the gulf. Inset within the inset is an illustration of the city of New Orleans.</subfield>
  </datafield>
  <datafield ind1="1" ind2=" " tag="535">
    <subfield code="3">Original resource at:</subfield>
    <subfield code="a">National Library of France.</subfield>
  </datafield>
  <datafield ind1=" " ind2=" " tag="546">
    <subfield code="a">Content in French.</subfield>
  </datafield>
  <datafield ind1="0" ind2=" " tag="588">
    <subfield code="a">Description based on data extracted from World Digital Library, which may be extracted from partner institutions.</subfield>
  </datafield>
  <datafield ind1=" " ind2="0" tag="653">
    <subfield code="a">1720</subfield>
  </datafield>
  <datafield ind1=" " ind2="0" tag="653">
    <subfield code="a">Exploration and encounters</subfield>
    <subfield code="a">Indians of North America</subfield>
    <subfield code="a">Indigenous peoples</subfield>
    <subfield code="a">Manuscript maps</subfield>
    <subfield code="a">Mississippi River</subfield>
    <subfield code="a">Mississippi River Valley</subfield>
  </datafield>
  <datafield ind1=" " ind2=" " tag="720">
    <subfield code="a">Beauvilliers, de, died 1730</subfield>
    <subfield code="e">Cartographer.</subfield>
  </datafield>
  <datafield ind1=" " ind2=" " tag="720">
    <subfield code="a">Bénard de la Harpe, Jean-Baptiste, 1683-1765</subfield>
    <subfield code="e">Contributor.</subfield>
  </datafield>
  <datafield ind1=" " ind2=" " tag="752">
    <subfield code="a">United States of America</subfield>
    <subfield code="b">Arkansas</subfield>
  </datafield>
  <datafield ind1=" " ind2=" " tag="752">
    <subfield code="a">United States of America</subfield>
    <subfield code="b">Illinois</subfield>
  </datafield>
  <datafield ind1=" " ind2=" " tag="752">
    <subfield code="a">United States of America</subfield>
    <subfield code="b">Louisiana</subfield>
  </datafield>
  <datafield ind1=" " ind2=" " tag="752">
    <subfield code="a">United States of America</subfield>
    <subfield code="b">Louisiana</subfield>
    <subfield code="d">New Orleans</subfield>
  </datafield>
  <datafield ind1=" " ind2=" " tag="752">
    <subfield code="a">United States of America</subfield>
    <subfield code="b">Mississippi</subfield>
  </datafield>
  <datafield ind1=" " ind2=" " tag="752">
    <subfield code="a">United States of America</subfield>
    <subfield code="b">Missouri</subfield>
  </datafield>
  <datafield ind1=" " ind2=" " tag="752">
    <subfield code="a">United States of America</subfield>
    <subfield code="b">New Mexico</subfield>
  </datafield>
  <datafield ind1=" " ind2=" " tag="752">
    <subfield code="a">United States of America</subfield>
    <subfield code="b">Oklahoma</subfield>
  </datafield>
  <datafield ind1=" " ind2=" " tag="752">
    <subfield code="a">United States of America</subfield>
    <subfield code="b">Tennessee</subfield>
  </datafield>
  <datafield ind1=" " ind2=" " tag="752">
    <subfield code="a">United States of America</subfield>
    <subfield code="b">Texas</subfield>
  </datafield>
  <datafield ind1="4" ind2="0" tag="856">
    <subfield code="d">gdcwdl</subfield>
    <subfield code="f">wdl_15491</subfield>
    <subfield code="u">https://hdl.loc.gov/loc.wdl/wdl.15491</subfield>
  </datafield>
  <datafield ind1=" " ind2=" " tag="985">
    <subfield code="a">wdl/wdlpartner/wdlfrance</subfield>
  </datafield>
  <datafield ind1=" " ind2=" " tag="991">
    <subfield code="b">s-Online</subfield>
    <subfield code="h">Electronic Resource</subfield>
  </datafield>
</record>
